Spanish-english picture dictionary

Guardat en:
Dades bibliogràfiques
Format: Llibre
Idioma:anglès
Publicat: Columbus Waterbird Books 2004
Matèries:
Etiquetes: Afegir etiqueta
Sense etiquetes, Sigues el primer a etiquetar aquest registre!

MARC

LEADER 00000nam a2200000 a 4500
001 UCI3072
003 CL-VaPUC
008 071012e20040000us |||||||||||||||||eng|d
020 |a 0769635261 
082 0 4 |a 428.8  |b SPA  |2 21 
245 1 0 |a Spanish-english picture dictionary 
300 |a 41 p 
942 |c BK 
945 |d 20071012 00:00:00  |a rbrito 
260 |a Columbus  |b Waterbird Books  |c 2004 
650 7 |a INGLES-ESPAÑOL-DICCIONARIOS  |2 CL-VaPUC  |9 313325 
583 |a last modification  |c 20171221 01:26:56  |k Rodrigo Vera 
999 |c 327467  |d 327465 
952 |0 0  |1 0  |4 0  |6 428_800000000000000_SPA_2004  |7 0  |8 X  |9 410316  |a BIBEDU  |b BIBEDU  |d 2019-11-22  |i 4376226  |o 428.8 SPA 2004  |p 4376226  |r 2023-01-13  |w 2019-11-22  |y BK_X  |k LIT